Mazahyat (Record no. 292506)
[ view plain ]
| 000 -LEADER | |
|---|---|
| fixed length control field | 00278 a2200121 4500 |
| 001 - CONTROL NUMBER | |
| control field | 57433 |
| 082 ## - DEWEY DECIMAL CLASSIFICATION NUMBER | |
| Classification number | 891.4397 YOU |
| 090 ## - LOCALLY ASSIGNED LC-TYPE CALL NUMBER (OCLC); LOCAL CALL NUMBER (RLIN) | |
| -- | 35164 |
| -- | 35164 |
| 100 ## - MAIN ENTRY--PERSONAL NAME | |
| Personal name | Dr.Muhammad Younas Butt |
| 245 ## - TITLE STATEMENT | |
| Title | Mazahyat |
| Medium | Urdu |
| 260 ## - PUBLICATION, DISTRIBUTION, ETC. | |
| Place of publication, distribution, etc. | Lahore |
| Name of publisher, distributor, etc. | Sange Meel Pub |
| Date of publication, distribution, etc. | 2002 |
| 300 ## - PHYSICAL DESCRIPTION | |
| Extent | 485p |
| 942 ## - ADDED ENTRY ELEMENTS (KOHA) | |
| Institution code [OBSOLETE] | NUST-CAE |
| Call number prefix | 891.4397 YOU |
| Withdrawn status | Lost status | Damaged status | Not for loan | Collection code | Permanent Location | Current Location | Date acquired | Total Checkouts | Full call number | Barcode | Date last seen | Price effective from | Koha item type |
|---|---|---|---|---|---|---|---|---|---|---|---|---|---|
| College of Aeronautical Engineering (CAE) | College of Aeronautical Engineering (CAE) | 04/03/2017 | 891.4397 YOU | CAE74582 | 04/05/2017 | 04/05/2017 | Book |
